00921nam a2200217 a 450000100100000000500170001000800410002702000150006804000250008310000330010824501280014126000300026930000210029949000460032050400730036671000610043971000250050083000550052595201060058099900170068600004179420201002035746.0131017s2004 sp 000 0 spa d a8400082745 aDO-SdBNPbspacBNPHU1 aVerdés Pijuan, Pere96865910a"Per Ço que la Vila no Vage a Perdició" La Gestió del deute públic en un municipi Catalá /cPere Verdés Pijuan. aBarcelona :bCSIC,c2004. a559 p. ;c25 cm.1 aAnuario de estudios medievales. Annexv55 aIncluye referencias bibliográficas y notas al pie de las páginas2 aConsejo Superior de Investigación Científicas9638312 ae-libro, Corp968660 0aAnuario de estudios medievales. Annex ;v55968661 0010507-18MOaGRbGRcOId2013-10-17iLF1l0o p41794-10r2020-06-25w2020-06-25y1ZNo se presta c41283d41283